| 000 | 005780000a22002050004500 | ||
|---|---|---|---|
| 003 | LK-CoMWRAF | ||
| 005 | 20240311114037.0 | ||
| 008 | 230817t1992 ||||| |||| 00| 0 eng d | ||
| 020 | _a9559052128 | ||
| 040 |
_aLK-CoMWRAF _dLK-CoMWRAF _eLK-CoMWRAF |
||
| 041 | _aeng | ||
| 082 |
_a376 _bINT |
||
| 245 | _aIntroduction to a functional literacy programme for women in Sri Lanka | ||
| 260 |
_aColombo: _bCentre for women's research, _c1992 |
||
| 300 | _ap.33+34 | ||
| 490 |
_aFunctional literacy _v1 |
||
| 650 | _aFUNCTIONAL LITERACY | ||
| 650 | _aWomen,litearcy | ||
| 942 | _cBK | ||
| 999 |
_c2586 _d2586 |
||